A poesia lírica de Camões : uma estética da sedução (Registo nº 201896)

Detalhes MARC
000 -Etiqueta do registo
Valores 00568nam 22001933 4500
021 ## - Número do Depósito Legal
Código do país Portugal
Número 1184/83
100 ## - Dados gerais de processamento
Dados gerais 20260422d u||y0pory50 ba
200 ## - Titulo e menção de responsabilidade
Título próprio A poesia lírica de Camões : uma estética da sedução
Primeira menção de responsabilidade Clara Crabbé Rocha
205 ## - Menção da edição
Edição
210 ## - Publicação
Local de publicação Coimbra
Nome do editor Centelha
Data de publicação 1983
215 ## - Descrição física 
Paginação / Volumes 77, [3] p.
Outras indicações físicas brochado
Dimensões 21 cm
606 ## - Nome comum usado como assunto
ID Autoridade 3661
Palavra de ordem Crítica Literária.Estudos Literários
675 ## - CDU
Notação 82.09
Edição PT
Língua por
700 ## - Autor principal (pessoa individual)
ID Autoridade 17169
Apelido Rocha
Nome Clara Crabbé
Datas 1955-
801 ## - Fonte de origem
País PT
Agência BMMN
Regras de catalogação RPC
830 ## - Notas gerais do catalogador
Criado por Vanda
990 ## - Elementos KOHA
Tipo de documento Livro
Exemplares
Situação do levantamento Biblioteca de origem Código de barras Cota Permissão de empréstimo Tipo de documento Forma de aquisição
  Biblioteca Municipal de Montemor-o-Novo 31292 82.09 ROC|DEP   Livro Compra

Powered by Koha